La Guerre d'Algérie (1954-1962) : (Volume 14) (notice n° 1713343)

détails MARC
000 -LEADER
fixed length control field 01066cam a2200133 4500500
005 - DATE AND TIME OF LATEST TRANSACTION
control field 20260322001248.0
041 ## - LANGUAGE CODE
Language code of text/sound track or separate title fre
042 ## - AUTHENTICATION CODE
Authentication code dc
100 10 - MAIN ENTRY--PERSONAL NAME
Personal name Michaud, Yves
Relator term author
245 00 - TITLE STATEMENT
Title La Guerre d'Algérie (1954-1962) : (Volume 14)
260 ## - PUBLICATION, DISTRIBUTION, ETC.
Name of publisher, distributor, etc. Odile Jacob,<br/>
Date of publication, distribution, etc. 2005.<br/>
520 ## - SUMMARY, ETC.
Summary, etc. Quelle place tient la guerre d’Algérie dans la mémoire des français ? Quel bilan peut-on faire de cette guerre d’indépendance ? Une émancipation pacifique aurait-elle été possible ? Quelle est la responsabilité des hommes politiques qui ont pris la décision d’engager la République dans des « opérations de maintien de l’ordre » et dans la façon dont celles-ci ont été menées ? Quarante ans après les accords d’Evian, cette série de conférences, organisée par l’Université de tous les savoirs, témoigne de la richesse et de l’actualité de la réflexion que suscite toujours cette période de notre histoire.
856 41 - ELECTRONIC LOCATION AND ACCESS
Uniform Resource Identifier <a href="https://shs.cairn.info/la-guerre-d-algerie-1954-1962--9782738111906?lang=fr&redirect-ssocas=7080">https://shs.cairn.info/la-guerre-d-algerie-1954-1962--9782738111906?lang=fr&redirect-ssocas=7080</a>

Pas d'exemplaire disponible.

PLUDOC

PLUDOC est la plateforme unique et centralisée de gestion des bibliothèques physiques et numériques de Guinée administré par le CEDUST. Elle est la plus grande base de données de ressources documentaires pour les Étudiants, Enseignants chercheurs et Chercheurs de Guinée.

Adresse

627 919 101/664 919 101

25 boulevard du commerce
Kaloum, Conakry, Guinée

Réseaux sociaux

Powered by Netsen Group @ 2025